Training foreign language teachers: a reflective approach
Kaydedildi:
| Yazar: | |
|---|---|
| Materyal Türü: | Kitap |
| Dil: | İngilizce |
| Baskı/Yayın Bilgisi: |
Nueva York
Cambridge University
1991
|
| Seri Bilgileri: | Cambridge Teacher Training and Development
|
| Konular: | |
| Etiketler: |
Etiketle
Etiket eklenmemiş, İlk siz ekleyin!
|
MARC
| LEADER | 00000nam a2200000 a 4500 | ||
|---|---|---|---|
| 001 | UCO6319 | ||
| 003 | CL-VaPUC | ||
| 008 | 001020e19910000US |||||||||||||||||eng|d | ||
| 082 | 0 | 4 | |a 370.71 |b WAL |2 21 |
| 100 | 0 | |a Wallace, Michael J |e author |9 451025 | |
| 245 | 1 | 0 | |a Training foreign language teachers: a reflective approach |
| 300 | |a 180 p | ||
| 942 | |c BK | ||
| 945 | |d 20001020 00:00:00 |a vberengu | ||
| 260 | |a Nueva York |b Cambridge University |c 1991 | ||
| 650 | 0 | |a Educación lingüística |9 306506 | |
| 650 | 0 | |a Enseñanza de idiomas |9 339820 | |
| 583 | |a last modification |c 20001020 00:00:00 |k Rodrigo Vera | ||
| 490 | 0 | |a Cambridge Teacher Training and Development | |
| 999 | |c 291934 |d 291932 | ||
| 952 | |0 0 |1 0 |4 0 |6 370_710000000000000_WAL_1991 |7 0 |8 A |9 342269 |a BIBEDU |b BIBEDU |c ES_NOD |d 2019-11-20 |i 3649296 |o 370.71 WAL 1991 |p 3649296 |r 2023-08-09 |w 2019-11-20 |y BK |k LIT | ||